| 000 | 01248cam a2200265 a 4500 | ||
|---|---|---|---|
| 003 | PILC | ||
| 005 | 20160306212213.0 | ||
| 008 | 2007 | ||
| 010 | _aAcc#44813 | ||
| 020 | _a9711012113 | ||
| 040 | _cPhilippine Baptist Theological Seminary | ||
| 050 | 0 | 0 |
_aFil D 680 .A785 _bH321 2007 |
| 100 | 1 |
_aHayase, Shinzo, _d1955- |
|
| 245 | 1 | 0 |
_aA walk through war memories in Southeast Asia / _cShinzo Hayase |
| 260 |
_aQuezon City : _bNew Day Publishers, _c2007. |
||
| 300 |
_ax, 200 p. ; _c20 cm. |
||
| 504 | _aIncludes bibliographical references. | ||
| 505 | _aSingapore: how to form a multiracial state -- Malaysia: forgetfulness and memories be passed on to the next generation -- Indonesia: the massacre of West Kalimantan (Borneo) in frontier history -- Thailand: the war ruins as tourism resources -- Myanmar (Burma): the Japanese occupation that is hardly discussed -- The Philippines: between America and Japan -- 'Post-Postwar' historical awareness. | ||
| 650 | 0 |
_aWorld War, 1939-1945 _xMonuments _zSoutheast Asia. |
|
| 650 | 0 |
_aWorld War, 1939-1945 _zSoutheast Asia. |
|
| 650 |
_aSoutheast Asia _xRelations _vJapan. |
||
| 651 | 0 |
_aWar memorials _zSoutheast Asia. |
|
| 942 |
_2ddc _cCB |
||
| 999 |
_c68204 _d68204 |
||